Chromosomal assignment of genes in barley using telosomic wheat-barley addition lines (Record no. 55596)

MARC details
000 -LEADER
fixed length control field 00498nam a2200169Ia 4500
100 ## - MAIN ENTRY--AUTHOR NAME
Personal name Cannell Martin
245 #0 - TITLE STATEMENT
Title Chromosomal assignment of genes in barley using telosomic wheat-barley addition lines
260 ## - PUBLICATION, DISTRIBUTION, ETC. (IMPRINT)
Name of publisher Genome
Year of publication 1992
300 ## - PHYSICAL DESCRIPTION
Number of Pages 17-23
650 ## - SUBJECT ADDED ENTRY--TOPICAL TERM
Topical Term cDNA clones
650 ## - SUBJECT ADDED ENTRY--TOPICAL TERM
Topical Term Gene mapping
650 ## - SUBJECT ADDED ENTRY--TOPICAL TERM
Topical Term Restriction fragment length polymorphisms
650 ## - SUBJECT ADDED ENTRY--TOPICAL TERM
Topical Term Telosomic additions
650 ## - SUBJECT ADDED ENTRY--TOPICAL TERM
Topical Term Wheat-barley
942 ## - ADDED ENTRY ELEMENTS (KOHA)
Koha item type Journals
Holdings
Withdrawn status Lost status Damaged status Not for loan Home library Current library Date acquired Serial Enumeration / chronology Koha item type
      Journals RRII Library RRII Library 17/12/2021 Volume 35, Issue 1 Journals